Statistiques concernant Top animes

Cliquez ici pour prendre le quiz!

Statistiques générales

  • Ce quiz a été pris 284 fois
    (147 depuis la dernière actualisation)
  • Le résultat moyen est 34 sur 162

Statistiques - réponses

Années de sortieRéponses% Correct
1999Naruto Shippuden
95%
1999One Piece
95%
2020Jujutsu Kaisen
80%
2004Bleach
78%
1989Dragon Ball Z
77%
2013Shingeki no Kyojin
73%
2019Demon Slayer
72%
2014My Hero Academia
68%
2006Death Note
67%
2011Hunter x Hunter
65%
2014Tokyo Ghoul
65%
2012K
62%
2021Tokyo Revengers
62%
2015Assassination Classroom
58%
2017Boruto
57%
2009Fairy Tail
55%
2017Black Clover
50%
2022Spy X Family
50%
2003Fullmetal Alchemist
48%
2014Haikyu!
48%
2014Seven Deadly Sins
47%
1995Neon Genesis Evangelion
45%
2015One Punch Man
45%
2019Dr Stone
43%
2019Vinland Saga
43%
2006Code Geass
42%
2012Kuroko no Basket
42%
2012Sword Art Online
42%
2015Food Wars
40%
2012Jojo's Bizarre Adventure
40%
2019Fire Force
37%
2019The Promised Neverland
37%
2011Ao No Exorcist
35%
1999GTO
35%
2016Mob Psycho 100
35%
2018Violet Evergarden
33%
2014Akame Ga Kill
30%
2018Moi Quand je me Reincarne en Slime
30%
2006Nana
30%
2014Noragami
30%
2013Free!
28%
2017Made in Abyss
28%
2014Parasyte
28%
2016Re:Zero
28%
2016Erased
27%
2021Horimiya
27%
2019Kaguya-sama : Love is War
27%
2017Kakegurui
27%
2017Classroom of the Elite
25%
2012Psycho Pass
25%
2014Your Lie in April
25%
2019Fruits Basket
23%
2014No Game No Life
23%
2019The Rising of the Shield Hero
23%
2021Blue Period
22%
2016Bungo Stray Dogs
22%
1998Cowboy Bebop
22%
2006Fate/Zero
22%
2021Ranking of Kings
22%
2015Death Parade
20%
2019Dororo
20%
2011Mirai Nikki
20%
2021Mushoku Tensei
20%
2015Overlord
20%
2021To Your Eternity
20%
2019Beastars
18%
2014Blue Spring Ride
18%
2009FullMetal Alchemist Brotherhood
18%
2013Kill La Kill
18%
2012Magi
18%
2008Toradora
18%
2014Black Bullet
17%
2006Black Lagoon
17%
2015Charlotte
17%
2016Yuri on Ice
17%
2011AnoHana
15%
2016Orange
15%
2004Samurai Champloo
15%
2011Steins Gate
15%
2020Tower of God
15%
2023Zom100
15%
2023My Happy Mariage
13%
2015Seraph of the End
13%
2010Durarara!!
12%
2021Edens Zero
12%
2015Gangsta
12%
2019Given
12%
2018Grand Blue Dreaming
12%
2006Katekyo Hitman Reborn!
12%
2022My Dress-Up Darling
12%
2018Radiant
12%
2020The God of High School
12%
2010Angel Beats
10%
2007Claymore
10%
2015DanMachi
10%
2011Deadman Wonderland
10%
2018Devilman Crybaby
10%
2011Guilty Crown
10%
2009Kimi ni Todoke
10%
2021Les Mémoires de Vanitas
10%
2013Log Horizon
10%
2018Rascal Does Not Dream of Bunny Girl Senpai
10%
2016ReLIFE
10%
2021SK8 The Infinity
10%
2014Terror in Resonance
10%
2020Dorohedoro
8%
2021Fena : Pirate Princess
8%
2015Gate
8%
2020Great Pretender
8%
2010Maid-sama!
8%
2017Masamune-kun's Revenge
8%
2021Wonder Egg Priority
8%
2007Gurren Lagann
7%
2014Yona of the Dawn
7%
2020BNA
5%
2012Btooom
5%
2020Darwins Game
5%
2018Golden Kamui
5%
2020Moriarty the Patriot
5%
2012My Little Monster
5%
2014Nisekoi
5%
2017Saga of Tanya the Evil
5%
2014Barakamon
3%
2015God Eater
3%
2014Hamatora
3%
2021La Voie du Tablier
3%
2013My Teen Romantic Comedy SNAFU
3%
2002Samurai Deeper Kyo
3%
2015Shirayuki aux cheveux rouges
3%
2021Takt Op Destiny
3%
2015The Heroic Legend of Arslan
3%
2012Zetsuen No Tempest
3%
2016Alderamin on the Sky
2%
2019Assasins Pride
2%
2010Baka And Test
2%
2013Beyond the Boundary
2%
2015Blood Blockade Battlefront
2%
2020Burn the Witch
2%
2017Castlevania
2%
2013Coppelion
2%
2007Darker Than Black
2%
2020Deca-Dence
2%
2016Dimension W
2%
2021High-Rise Invasion
2%
2019Kono Oto Tomare
2%
2017Little Witch Academia
2%
2016March Comes in Like a Lion
2%
2017Miss Kobayashi's Dragon Maid
2%
2017Our Love Has Always Been 10 Centimers apart
2%
2016Rainbow Days
2%
2018Record of Grancrest War
2%
2016Servamp
2%
2018Tada Never Falls in Love
2%
2021The Aquatope on White Sand
2%
2006The Familiar of Zero
2%
2014The Irregular at Magic High School
2%
2020The Misfit of Demon King Academy
2%
2011Usagi Drop
2%
2017Welcome to the BallRoom
2%
2018Wotakoi : Love is Hard for Otaku
2%
2018Run With The Wind
0%

Distribution des résultats

Percentile par nombre de réponses

% des personnes avec chaque résultat

Votre développement - résultats

Vous n’avez pas pris ce quiz depuis la dernière actualisation